000 00454cam a22001097a 4500
008 180718b1960 xxu||||| |||| 00| 0 eng d
082 _aD222x54 In2p
245 _aIndo-Pakistan border agreements dated the 10th day of September, 1958, 23rd day of October, 1959 and the 11th day of January, 1960
_cby Ministry of External Affairs
260 _aNew Delhi
_bMinistry of External Affairs
_c1960
300 _a35+p.
700 _aIndia. Ministry of External Affairs
999 _c490463
_d490463